zpět

Detail výsledku týmu

R.A.M., Jablonec nad Nisou

Datum a čas kvízu

37.5 Celkem bodů Celkový počet nahraných bodů na tomto kvízu bez doplňovacích otázek.
8. Pořadí na kvízu Konečné umístění týmu na tomto kvízu.

Zaznamenané odpovědi

# Otázka Odpověď Body Výsledky
1. Předseda Nejvyššího soudu přij... Pavel Šámal 1
2. Jediná letadlová loď ruského n... Kuzněcov 1
3. V pondělí nás ve věku 61 let o... Marie Fredriksson, Per Gessle 0.5
4. Skupina Kofola ve středu oznám... Korunní, Ondrášovka 0
5. Síň slávy českého hokeje rozší... Milan Hejduk, Jiří Šlégr 0
6. Plzeňské Odumřelé buňky se v l... vchod 1
7. "Šaty s ___ ___ vyšívané, ale... vlečkou stříbrem 1
8. Ty knedlíky připomínají vajíčk... mořské želvy 1
9. „Prase počká. Ty jsi přednější... Pandrholo 1
10. "Žvejka to je hrozný hnus, žve... Willy Wonka 0